| 000 -LEADER |
| fixed length control field |
01819cam a22003734a 4500 |
| 001 - CONTROL NUMBER |
| control field |
13122734 |
| 005 - DATE AND TIME OF LATEST TRANSACTION |
| control field |
20170127091152.0 |
| 008 - FIXED-LENGTH DATA ELEMENTS--GENERAL INFORMATION |
| fixed length control field |
030313s2003 vauab bc 001 0 eng |
| 010 ## - LIBRARY OF CONGRESS CONTROL NUMBER |
| LC control number |
2003045384 |
| 020 ## - INTERNATIONAL STANDARD BOOK NUMBER |
| International Standard Book Number |
0883971402 (pbk.) |
| 020 ## - INTERNATIONAL STANDARD BOOK NUMBER |
| International Standard Book Number |
0883971410 |
| 050 00 - LIBRARY OF CONGRESS CALL NUMBER |
| Classification number |
N7860 |
| Item number |
.D87 2003 |
| 100 1# - MAIN ENTRY--PERSONAL NAME |
| Personal name |
Duston, Allen. |
| 245 10 - TITLE STATEMENT |
| Title |
Saint Peter and the Vatican : |
| Remainder of title |
the legacy of the popes / |
| Statement of responsibility, etc. |
Allen Duston and Roberto Zagnoli. |
| 260 ## - PUBLICATION, DISTRIBUTION, ETC. (IMPRINT) |
| Place of publication, distribution, etc. |
Alexandria, Va. : |
| Name of publisher, distributor, etc. |
Art Services International, |
| Date of publication, distribution, etc. |
2003. |
| 300 ## - PHYSICAL DESCRIPTION |
| Extent |
521 p. : |
| Other physical details |
ill. (chiefly col.), map ; |
| Dimensions |
30 cm. |
| 500 ## - GENERAL NOTE |
| General note |
Catalog of an exhibition organized by Arts Services International and held at the Houston Museum of Natural Science, Museum of Art (Fort Lauderdale, Fla.), Cincinnati Museum Center, and the San Diego Museum of Art. |
| 504 ## - BIBLIOGRAPHY, ETC. NOTE |
| Bibliography, etc |
Includes bibliographical references (p. 505) and index. |
| 610 20 - SUBJECT ADDED ENTRY--CORPORATE NAME |
| Corporate name or jurisdiction name as entry element |
Catholic Church |
| General subdivision |
Liturgical objects |
| Form subdivision |
Exhibitions. |
| 610 20 - SUBJECT ADDED ENTRY--CORPORATE NAME |
| Corporate name or jurisdiction name as entry element |
Vatican Palace (Vatican City) |
| General subdivision |
Art collections |
| Form subdivision |
Exhibitions. |
| 650 #0 - SUBJECT ADDED ENTRY--TOPICAL TERM |
| Topical term or geographic name as entry element |
Christian art and symbolism |
| Chronological subdivision |
Modern period, 1500- |
| Form subdivision |
Exhibitions. |
| 650 #0 - SUBJECT ADDED ENTRY--TOPICAL TERM |
| Topical term or geographic name as entry element |
Papacy |
| General subdivision |
History |
| Form subdivision |
Exhibitions. |
| 650 #0 - SUBJECT ADDED ENTRY--TOPICAL TERM |
| Topical term or geographic name as entry element |
Art |
| Geographic subdivision |
Vatican City |
| Form subdivision |
Exhibitions. |
| 700 1# - ADDED ENTRY--PERSONAL NAME |
| Personal name |
Zagnoli, Roberto. |
| 710 2# - ADDED ENTRY--CORPORATE NAME |
| Corporate name or jurisdiction name as entry element |
Art Services International. |
| 710 2# - ADDED ENTRY--CORPORATE NAME |
| Corporate name or jurisdiction name as entry element |
Houston Museum of Natural Science. |
| 942 ## - ADDED ENTRY ELEMENTS (KOHA) |
| Source of classification or shelving scheme |
|
| Koha item type |
Hard Covered Materials |